Essai sur les moeurs.
Saved in:
| Hovedforfatter: | |
|---|---|
| Format: | Bog |
| Sprog: | fransk |
| Udgivet: |
París, Francia
Delangle Frères, Éditeurs-Libraires
1827
|
| Serier: | Oeuvres complètes de Voltaire.
19 a 24 |
| Fag: | |
| Tags: |
Tilføj Tag
Ingen Tags, Vær først til at tagge denne postø!
|
MARC
| LEADER | 00000nam a2200000 a 4500 | ||
|---|---|---|---|
| 001 | UCJ7473 | ||
| 003 | CL-VaPUC | ||
| 005 | 20250108094717.0 | ||
| 008 | 070124e18270000FR |||||||||||||||||fre|d | ||
| 999 | |c 323557 |d 323555 | ||
| 040 | |c Pontificia Universidad Católica de Valparaíso | ||
| 082 | 0 | 4 | |a 848 VOL 1827 |2 21 |
| 100 | 0 | |a Voltaire, François Marie Arouet de |9 515913 | |
| 245 | 1 | 0 | |a Essai sur les moeurs. |
| 260 | 0 | 3 | |a París, Francia |b Delangle Frères, Éditeurs-Libraires |c 1827 |
| 300 | |a 6 volúmenes. | ||
| 490 | 0 | |a Oeuvres complètes de Voltaire. |v 19 a 24 | |
| 500 | |a Se encuentra ubicado en la Sala Emilio Tagle C. | ||
| 583 | |a last modification |c 20070124 00:00:00 |k Rodrigo Vera | ||
| 650 | 7 | |a CRITICA SOCIAL |2 CL-VaPUC |9 331282 | |
| 650 | 0 | |a Antropología |9 233030 | |
| 650 | 7 | |a MAGIA |2 CL-VaPUC |9 319651 | |
| 650 | 0 | |a Biblia |9 257603 | |
| 650 | 0 | |a Judíos |9 313771 | |
| 650 | 0 | |a Iglesia Católica |9 256114 | |
| 650 | 7 | |a REFORMA |2 CL-VaPUC |9 319527 | |
| 650 | 7 | |a GUERRAS RELIGIOSAS |2 CL-VaPUC |9 510927 | |
| 650 | 0 | |a Descubrimientos geográficos |9 331933 | |
| 650 | 0 | |a Colonización |9 265172 | |
| 650 | 7 | |a BIOGRAFIAS |2 CL-VaPUC |9 504622 | |
| 650 | 0 | |a Crítica literaria |9 269189 | |
| 942 | |c BK |2 ddc | ||
| 945 | |d 20070124 00:00:00 |a rinostro | ||
| 952 | |0 0 |1 0 |4 0 |6 848_000000000000000_VOL_1827 |7 0 |8 X |9 403244 |a FDOBUD |b FDOBUD |d 2019-11-22 |h v.1 |i 1064231 |o 848 VOL 1827 |p 1064231 |r 2019-11-22 |t 1 |w 2019-11-22 |y BK_X |k BUD | ||
| 952 | |0 0 |1 0 |4 0 |6 848_000000000000000_VOL_1827 |7 0 |8 X |9 403245 |a FDOBUD |b FDOBUD |d 2019-11-22 |h v.2 |i 106424K |o 848 VOL 1827 |p 106424K |r 2019-11-22 |t 1 |w 2019-11-22 |y BK_X |k BUD | ||
| 952 | |0 0 |1 0 |4 0 |6 848_000000000000000_VOL_1827 |7 0 |8 X |9 403246 |a FDOBUD |b FDOBUD |d 2019-11-22 |h v.3 |i 1064258 |o 848 VOL 1827 |p 1064258 |r 2019-11-22 |t 1 |w 2019-11-22 |y BK_X |k BUD | ||
| 952 | |0 0 |1 0 |4 0 |6 848_000000000000000_VOL_1827 |7 0 |8 X |9 403247 |a FDOBUD |b FDOBUD |d 2019-11-22 |h v.4 |i 1064266 |o 848 VOL 1827 |p 1064266 |r 2019-11-22 |t 1 |w 2019-11-22 |y BK_X |k BUD | ||
| 952 | |0 0 |1 0 |4 0 |6 848_000000000000000_VOL_1827 |7 0 |8 X |9 403248 |a FDOBUD |b FDOBUD |d 2019-11-22 |h v.5 |i 1064274 |o 848 VOL 1827 |p 1064274 |r 2019-11-22 |t 1 |w 2019-11-22 |y BK_X |k BUD | ||
| 952 | |0 0 |1 0 |4 0 |6 848_000000000000000_VOL_1827 |7 0 |8 X |9 403249 |a FDOBUD |b FDOBUD |d 2019-11-22 |h v.6 |i 1064282 |o 848 VOL 1827 |p 1064282 |r 2019-11-22 |t 1 |w 2019-11-22 |y BK_X |k BUD | ||